Освоение подземного пространства при утилизации техногенных отходов: учебное пособие

التفاصيل البيبلوغرافية
المؤلف الرئيسي: Горбунова О. А. Ольга Анатольевна
اللغة:الروسية
منشور في: Москва, Изд-во МГГУ, 2010-2011
سلاسل:Экология горного производства
التنسيق: كتاب
KOHA link:https://koha.lib.tpu.ru/cgi-bin/koha/opac-detail.pl?biblionumber=194234

MARC

LEADER 00000nam1a2200000 4500
001 194234
005 20231031182235.0
035 |a (RuTPU)RU\TPU\book\211850 
035 |a RU\TPU\book\200983 
090 |a 194234 
100 |a 20110408d2010 m y0rusy50 ca 
101 0 |a rus 
102 |a RU 
200 1 |a Освоение подземного пространства при утилизации техногенных отходов  |e учебное пособие  |f О. А. Горбунова 
210 |a Москва  |c Изд-во МГГУ  |c Горная книга  |d 2010-2011 
225 1 |a Экология горного производства 
700 1 |a Горбунова  |b О. А.  |g Ольга Анатольевна 
801 1 |a RU  |b 63413507  |c 20101007 
801 2 |a RU  |b 63413507  |c 20110615  |g RCR 
900 |a Технология основных производств, утилизации и переработки отходов 
942 |c BK 
955 |d Горное дело и окружающая среда  |b 130400 
959 |a 71/20101007  |d 2  |e 150,00  |f АНЛ:1  |f ЧЗТЛ:1